<?xml version="1.0" encoding="UTF-8"?>
<record
    xmlns:xsi="http://www.w3.org/2001/XMLSchema-instance"
    xsi:schemaLocation="http://www.loc.gov/MARC21/slim http://www.loc.gov/standards/marcxml/schema/MARC21slim.xsd"
    xmlns="http://www.loc.gov/MARC21/slim">

  <leader>01100nam1a22002531i 4500</leader>
  <controlfield tag="001">rc\4933499</controlfield>
  <controlfield tag="005">20240724143238.0</controlfield>
  <datafield tag="035" ind1=" " ind2=" ">
    <subfield code="a">(NLR Aleph) 008847532</subfield>
  </datafield>
  <datafield tag="090" ind1=" " ind2=" ">
    <subfield code="a">8380240</subfield>
    <subfield code="c">8380240</subfield>
  </datafield>
  <datafield tag="100" ind1=" " ind2=" ">
    <subfield code="a">20130426d1966    |||y0rusy50      ca</subfield>
  </datafield>
  <datafield tag="101" ind1="0" ind2=" ">
    <subfield code="a">rus</subfield>
  </datafield>
  <datafield tag="102" ind1=" " ind2=" ">
    <subfield code="a">RU</subfield>
  </datafield>
  <datafield tag="105" ind1=" " ind2=" ">
    <subfield code="a">    j   |||||</subfield>
  </datafield>
  <datafield tag="200" ind1="1" ind2=" ">
    <subfield code="a">&#x414;&#x435;&#x442;&#x430;&#x43B;&#x438; &#x43C;&#x430;&#x448;&#x438;&#x43D;</subfield>
    <subfield code="e">&#x41F;&#x440;&#x43E;&#x435;&#x43A;&#x442; &#x443;&#x447;&#x435;&#x431;&#x43D;&#x438;&#x43A;&#x430;</subfield>
    <subfield code="e">&#x412;&#x44B;&#x43F;. 1-</subfield>
    <subfield code="f">&#x412;&#x43E;&#x435;&#x43D;. &#x43E;&#x440;&#x434;&#x435;&#x43D;&#x430; &#x41B;&#x435;&#x43D;&#x438;&#x43D;&#x430; &#x43A;&#x440;&#x430;&#x441;&#x43D;&#x43E;&#x437;&#x43D;&#x430;&#x43C;. &#x430;&#x43A;&#x430;&#x434;. &#x431;&#x440;&#x43E;&#x43D;&#x435;&#x442;&#x430;&#x43D;&#x43A;&#x43E;&#x432;&#x44B;&#x445; &#x432;&#x43E;&#x439;&#x441;&#x43A;</subfield>
  </datafield>
  <datafield tag="210" ind1=" " ind2=" ">
    <subfield code="a">&#x41C;&#x43E;&#x441;&#x43A;&#x432;&#x430;</subfield>
    <subfield code="c">&#x411;. &#x438;.</subfield>
    <subfield code="d">1966</subfield>
  </datafield>
  <datafield tag="215" ind1=" " ind2=" ">
    <subfield code="d">21</subfield>
  </datafield>
  <datafield tag="300" ind1=" " ind2=" ">
    <subfield code="a">&#x41F;&#x435;&#x440;&#x435;&#x434; &#x437;&#x430;&#x433;&#x43B;. &#x430;&#x432;&#x442;.: &#x432;&#x44B;&#x43F;. 1 - &#x43F;&#x440;&#x43E;&#x444;. &#x420;.&#x412;. &#x420;&#x43E;&#x442;&#x435;&#x43D;&#x431;&#x435;&#x440;&#x433;; &#x432;&#x44B;&#x43F;. 11 - &#x434;-&#x440; &#x442;&#x435;&#x445;&#x43D;. &#x43D;&#x430;&#x443;&#x43A; &#x43F;&#x440;&#x43E;&#x444;. &#x438;&#x43D;&#x436;.-&#x43F;&#x43E;&#x43B;&#x43A;. &#x420;.&#x412;. &#x420;&#x43E;&#x442;&#x435;&#x43D;&#x431;&#x435;&#x440;&#x433;, &#x43A;&#x430;&#x43D;&#x434;. &#x442;&#x435;&#x445;&#x43D;. &#x43D;&#x430;&#x443;&#x43A; &#x434;&#x43E;&#x446;. &#x438;&#x43D;&#x436;.-&#x43F;&#x43E;&#x43B;&#x43A;. &#x412;.&#x41A;. &#x422;&#x438;&#x442;&#x43E;&#x432;</subfield>
  </datafield>
  <datafield tag="300" ind1=" " ind2=" ">
    <subfield code="a">&#x41E;&#x442;&#x43F;&#x435;&#x447;. &#x43C;&#x43D;&#x43E;&#x436;&#x438;&#x442;. &#x430;&#x43F;&#x43F;&#x430;&#x440;&#x430;&#x442;&#x43E;&#x43C;</subfield>
  </datafield>
  <datafield tag="333" ind1=" " ind2=" ">
    <subfield code="a">&#x41F;&#x440;&#x43E;&#x434;&#x430;&#x436;&#x435; &#x43D;&#x435; &#x43F;&#x43E;&#x434;&#x43B;&#x435;&#x436;&#x438;&#x442;</subfield>
  </datafield>
  <datafield tag="700" ind1=" " ind2="1">
    <subfield code="a">&#x420;&#x43E;&#x442;&#x435;&#x43D;&#x431;&#x435;&#x440;&#x433;</subfield>
    <subfield code="b">&#x420;.&#x412;.</subfield>
    <subfield code="g">&#x420;&#x43E;&#x431;&#x435;&#x440;&#x442; &#x412;&#x43B;&#x430;&#x434;&#x438;&#x43C;&#x438;&#x440;&#x43E;&#x432;&#x438;&#x447;</subfield>
  </datafield>
  <datafield tag="801" ind1=" " ind2="0">
    <subfield code="a">RU</subfield>
    <subfield code="b">NLR</subfield>
    <subfield code="g">psbo</subfield>
  </datafield>
  <datafield tag="801" ind1=" " ind2="1">
    <subfield code="a">RU</subfield>
    <subfield code="b">ELAR</subfield>
    <subfield code="2">rusmarc</subfield>
  </datafield>
  <datafield tag="852" ind1=" " ind2=" ">
    <subfield code="a">NLR</subfield>
    <subfield code="j">50&#x43A;/5616</subfield>
  </datafield>
  <datafield tag="942" ind1=" " ind2=" ">
    <subfield code="c">BOOK</subfield>
  </datafield>
</record>
